00298nam a2200121Ia 4500003000400000008004100004040001600045082001900061245003500080260004500115300001100160490000500171GCL140319s9999 xx 000 0 ara d aGCL / cGCL04a371.332bر خ10aخواطر فى التربية a[S.N] : bدار مجلة الثقافة a144 ص a